Child language /

Starting to talk. Finding out what words mean. Building up a dictionary. Putting toghether sentences. Building longer sentences. Saying 'No' and asking questions. Becoming a word maker...

Sparad:
Bibliografiska uppgifter
Huvudupphovsman: Peccei, Jean Stilwell.
Materialtyp: Bok
Språk:English
Publicerad: London ; New York : Routledge, 1999.
Upplaga:2nd ed.
Ämnen:
Taggar: Lägg till en tagg
Inga taggar, Lägg till första taggen!
Thư viện lưu trữ: Mạng thư viện Đại học Đà Nẵng
LEADER 01236nam a2200337 a 4500
001 000042066
003 7805
005 20190729092904.0
008 171030s1999
020 |a 0415198364 
040 |a lnn  |c lnn  |d lnn 
041 0 |a eng 
082 1 4 |a 401.93  |b PE-J 
100 1 |a Peccei, Jean Stilwell. 
245 0 0 |a Child language /  |c Jean Stilwell Peccei. 
250 |a 2nd ed. 
260 |a London ; New York :  |b Routledge,  |c 1999. 
300 |a ix, 116 p. ;  |c 24.5cm. 
520 3 |a Starting to talk. Finding out what words mean. Building up a dictionary. Putting toghether sentences. Building longer sentences. Saying 'No' and asking questions. Becoming a word maker... 
630 0 4 |a Language acquisition. 
630 0 4 |a Child language. 
650 0 4 |a Language acquisition. 
OWN |a LNN 
AVA |a UDN50  |b LNN  |c English  |d 401.93 PE-J  |e available  |t Error 5001 Not defined in file expand_doc_bib_avail.  |f 1  |g 0  |h N  |i 0  |j AN  |k 1 
999 |a From the UDN01 
AVA |a UDN50  |b LNN  |c English  |d 401.93 PE-J  |e available  |t Error 5001 Not defined in file expand_doc_bib_avail.  |f 1  |g 0  |h N  |i 0  |j AN  |k 1 
TYP |a Monograph 
TYP |a Printed language 
980 |a Mạng thư viện Đại học Đà Nẵng